रामयशोगाथा (क. क्र. 24/2 ) (Record no. 410496)

MARC details
000 -LEADER
fixed length control field 00593nam a2200169Ia 4500
008 - FIXED-LENGTH DATA ELEMENTS--GENERAL INFORMATION
fixed length control field 100122s9999 xx 000 0 und d
082 ## - DEWEY DECIMAL CLASSIFICATION NUMBER
Item number 22787
Classification number 294.5922
100 ## - MAIN ENTRY--PERSONAL NAME
Personal name पारखे बाबुराव
245 ## - TITLE STATEMENT
Title रामयशोगाथा (क. क्र. 24/2 )
260 ## - PUBLICATION, DISTRIBUTION, ETC. (IMPRINT)
Name of publisher, distributor, etc ज.आ.मोंडकर
Date of publication, distribution, etc 1975
300 ## - PHYSICAL DESCRIPTION
Extent 701
520 ## - SUMMARY, ETC.
Summary, etc रामयशोगाथा
620 ## -
-- रामयशोगाथा
630 ## - SUBJECT ADDED ENTRY--UNIFORM TITLE
Uniform title रामयशोगाथा (क. क्र. 24/2 )
730 ## - ADDED ENTRY--UNIFORM TITLE
Uniform title रामयशोगाथा (क. क्र. 24/2 )
942 ## - ADDED ENTRY ELEMENTS (KOHA)
Koha item type Book
Holdings
Withdrawn status Lost status Damaged status Not for loan Home library Current library Date acquired Cost, normal purchase price Total Checkouts Full call number Barcode Date last seen Cost, replacement price Price effective from Koha item type Public note
        S.V. Pathak Library, Vile Parle S.V. Pathak Library, Vile Parle 01/27/1976 51.00   22787 SVPPARLE-22787 01/25/2010 51.00 01/25/2010 Book General NA